000 00301nam a22001337a 4500
008 170208b xxu||||| |||| 00| 0 eng d
020 _a9780323057929
041 _aeng
080 _227TH
_a61
100 _a4
101 _aSHM
245 _a2011 INTRAVENOUS MEDICATIONS
_cGAHART, B.L
942 _2udc
_cBK
999 _c4888
_d4888